000 01089cam a2200337 a 4500
999 _c5244
_d5244
001 5244
003 BD-JhCC
005 20171211164743.0
008 171212s2006 enk d 000 0 eng d
020 _a9780521860376
020 _a0521860377
020 _a9780521677691
020 _a0521677696
035 _a(BD-JhCC)5244
040 _aDLC
_cDLC
_dUKM
_dBAKER
_dBWKUK
_dYDXCP
_dOCLCQ
_dDLC
_dUkCU
_dBD-JhCC
041 _aeng
050 0 0 _aPE1460
_b.C25 2006
082 0 0 _a423.13
_222
_bCAM 2006
245 0 0 _aCambridge Idioms Dictionary /
_cCambridge University Press.
246 3 0 _aIdioms dictionary
250 _a2nd ed.
260 _aCambridge, UK :
_aNew York :
_bCambridge University Press,
_c2006.
300 _axv, 505 p. ;
_c21 cm.
500 _aRev. ed. of: Cambridge international dictionary of idioms. 1998.
650 0 _aEnglish language
_xIdioms
_vDictionaries.
650 0 _aEnglish language
_vConversation and phrase books.
710 2 _aCambridge University Press.
730 0 _aCambridge international dictionary of idioms.
942 _2ddc
_cBK